| 000 | 00513nam a22001697a 4500 | ||
|---|---|---|---|
| 003 | OSt | ||
| 005 | 20240710105749.0 | ||
| 008 | 100812s2013 dr ac 000 0 spa d | ||
| 040 |
_aDO-SdBNP _bspa _cBNPHHU |
||
| 082 |
_axxxx _bxxx |
||
| 110 | 2 |
_aAsociación Dominicana para el Desarrollo de la Mujer _985967 |
|
| 245 | 1 | 0 |
_aFinanzas productivas : _bmemoria anual / |
| 260 |
_aSanto Domingo : _aBanco Adopem, _c[2013]. |
||
| 300 |
_a124 p. _bil., retrs. _c28 cm. |
||
| 590 | _aInventariado, 2020 /YL | ||
| 942 |
_2ddc _cLBS1 |
||
| 999 |
_c49039 _d49039 |
||